000 002200000a22000970004500
245 1 0 _aConclusión
300 _aVol.57, núm.2 (2007), Páginas 192-196
650 1 4 _aREINO DE DIOS
773 0 _tReformed World
942 _cANA
999 _c62687
_d62687